000 00551nam a2200169Ia 4500
003 GCL
008 140319s9999 xx 000 0 ara d
040 _aGCL /
_cGCL
082 0 4 _a953.084
_bا ن
100 1 _aالاتابكى، جمال الدين ابى المح
245 1 0 _aالنجوم الزاهرة فى ملوك مصر والقاهرة /
_cالاتابكى، جمال الدين ابى المح
490 _aتراثنا
_v0
650 0 4 _aمصر
650 0 4 _aتاريخ
650 0 4 _aالمماليك الجراكسة
942 _2ddc
_cBK
999 _c42366
_d42366